A török háborúk Zsigmond korában

Elmentve itt :
Bibliográfiai részletek
Szerző: Kalocsay Ferenc
További közreműködők: nincs megadva (Témavezető)
Dokumentumtípus: Disszertáció
Megjelent: 1933
Kulcsszavak:Történelem
Tárgyszavak:
Online Access:http://doktori.ek.szte.hu/6560
LEADER 00605nta a2200181 i 4500
001 dokt6560
005 20200407090528.0
008 200407s1933 hu om 0|| hun d
040 |a SZTE Doktori Repozitórium  |b hun 
041 |a hun 
100 1 |a Kalocsay Ferenc 
245 1 2 |a A török háborúk Zsigmond korában  |h [elektronikus dokumentum] /  |c  Kalocsay Ferenc 
260 |c 1933 
502 |a Disszertacio 
650 4 |a történelemtudományok 
695 |a Történelem 
700 1 |a nincs megadva  |e ths 
856 4 0 |u https://doktori.bibl.u-szeged.hu/id/eprint/6560/1/doktori_1933_kalocsay_ferenc.pdf  |z Dokumentum-elérés